00415nam a22001337a 450000500170000000800410001704100130005808200120007110000130008324500400009626000860013630000330022265000260025520240524090548.0240524b |||||||| |||| 00| 0 eng d aEnglish  a349 LAW lEnglish  aThe Law Reports: Chancery Division  aLondon: bThe Incorporated Council of Law Reporting for England and Wales, c1895 bxxviii, 801 pages; c25 cm.  aLegal practice bLaw